Laboratory 7 diagnostic tests with nursing implications (Record no. 6966)

MARC details
000 -LEADER
fixed length control field 00603nam a22001937a 4500
003 - CONTROL NUMBER IDENTIFIER
control field OSt
005 - DATE AND TIME OF LATEST TRANSACTION
control field 20251205084735.0
008 - FIXED-LENGTH DATA ELEMENTS--GENERAL INFORMATION
fixed length control field 251205b |||||||| |||| 00| 0 eng d
020 ## - INTERNATIONAL STANDARD BOOK NUMBER
International Standard Book Number 0-8385-5573-X.
040 ## - CATALOGING SOURCE
Original cataloging agency DWCL-Main lib
Transcribing agency OC
082 ## - DEWEY DECIMAL CLASSIFICATION NUMBER
Edition number 4th ed.
Classification number Circ. 616.075 K26l 1995
100 ## - MAIN ENTRY--PERSONAL NAME
Personal name Kee, Joyce Lefever
245 ## - TITLE STATEMENT
Title Laboratory 7 diagnostic tests with nursing implications
Statement of responsibility, etc. Kee, Joyce Lefever
260 ## - PUBLICATION, DISTRIBUTION, ETC.
Place of publication, distribution, etc. Conn. :
Name of publisher, distributor, etc. Appleton & Lange,
Date of publication, distribution, etc. c1995.
300 ## - PHYSICAL DESCRIPTION
Extent xix, 680 pages ;
Dimensions 23 cm.
650 ## - SUBJECT ADDED ENTRY--TOPICAL TERM
Source of heading or term 1. Diagnosis, Laboratory.
650 ## - SUBJECT ADDED ENTRY--TOPICAL TERM
Source of heading or term 2. Nursing.
942 ## - ADDED ENTRY ELEMENTS (KOHA)
Source of classification or shelving scheme Dewey Decimal Classification
Koha item type Book Circulation
Edition 4th ed.
Call number prefix Circ.
Suppress in OPAC No
952 ## - LOCATION AND ITEM INFORMATION (KOHA)
--
Holdings
Withdrawn status Lost status Source of classification or shelving scheme Damaged status Not for loan Home library Current library Shelving location Date acquired Source of acquisition Cost, normal purchase price Total Checkouts Full call number Barcode Date last seen Copy number Price effective from Koha item type Uniform Resource Identifier
    Dewey Decimal Classification     Graduate School of Business and Management Library HM & Nursing Library Circulation 01/21/2008 Donation 0.00   Circ. 616.075 K26l 1995 45577 12/05/2025 c1 12/05/2025 BK-CIRC